Sports Quiz

Random Sports or Hockey Quiz
Score 0/20 Timer 04:00
0 Plays Today
% Correct
Bruce Lee (5'7')
87.4%
Mike Tyson (5'10')
85.7%
Muggsy Bogues (5'3')
80.4%
Lionel Messi (5'7')
77.5%
Pelé (5'8')
76.8%
Barry Sanders (5'8')
74.7%
Isaiah Thomas (5'9')
73.9%
Emmitt Smith (5'9')
72.3%
Walter Payton (5'10')
69.4%
Manny Pacquiao (5'6')
64.1%
% Correct
Yogi Berra (5'7')
63.8%
Diego Maradona (5'5')
61.1%
Kirby Puckett (5'8')
55.7%
Apolo Ohno (5'8')
51%
Michael Chang (5'9')
38.6%
Gary Player (5'6')
33.5%
David Eckstein (5'7')
29.3%
Roy Campanella (5'8')
26.8%
Henri Richard (5'7')
22.7%
Mel Ott (5'9')
20.5%
Remove Ads.
Support Sporcle.
Get the best of Sporcle when you Go Orange. This ad-free experience offers more features, more stats, and more fun while also helping to support Sporcle. Thank you for becoming a member.

You're not logged in!

Compare scores with friends on all Sporcle quizzes.
OR
Log In

Sporcle TV

Today on Sporcle TV


Watch our educational content, quiz creation guides, and fun videos on Sporcle TV.

Show Comments

Extras

Top Quizzes Today


Score Distribution

Paid Content

Your Account Isn't Verified!

In order to create a playlist on Sporcle, you need to verify the email address you used during registration. Go to your Sporcle Settings to finish the process.

Report this User

Report this user for behavior that violates our Community Guidelines.

Details: